| 000 | 01058cam a2200277 4500 | ||
|---|---|---|---|
| 001 | BFIL004086 | ||
| 008 | 1995 spa | ||
| 020 | _a968-36-4688-3 | ||
| 035 | _aBFIL004086 | ||
| 050 | 4 |
_aJC575 _bZ36 1995 |
|
| 100 | 1 | _aZapata y Sandoval, Juan | |
| 245 | 0 |
_aDisceptacion sobre justicia distributiva y sobre la aceptacion de personas a ella opuesta = De ivstitia distribvtiva et acceptatione personarum ei opposita sisceptatio : en que cosas tiene lugar la aceptacion de personas y la injusta distribucion de los bienes / _cJuan Zapata y Sandoval ; introd.- |
|
| 260 | F | _c1995 | |
| 300 |
_axxxv, 91 p. ; _c23 cm. |
||
| 440 | 0 | _aBiblioteca Philosophica Latina Mexicana | |
| 500 | _aTexto en EspaƱol con traduccion paralela en Latin | ||
| 500 | _a1 ejem. | ||
| 505 | _aBFIL | ||
| 650 | 4 | _aIgualdad | |
| 650 | 4 | _aJusticia Distributiva | |
| 650 | 4 | _aPluralismo (ciencias sociales) | |
| 650 | 4 | _aDerecho Canonico | |
| 700 | 1 |
_aBeuchot Puente, Mauricio, _etr. |
|
| 700 | 1 |
_aLopez Cruz, Paula, _eed. |
|
| 942 |
_2lcc _cLIB |
||
| 999 |
_c116262 _d116262 |
||